1150 1574 1741 1425 1341 1486 1604 1443 1757 1294 1123 1280 1481 1901 1602 1872 1363 1441 1151 1750 1767 1988 1604 1688 1504 1973 1441 1183 1289 1965 1171 1644 1281 1638 1952 1926 1624 1088 1343 1587 1759 1474 1811 1122 1742 1992 1923 1447 1721 1637 1473 1391 1475 1323 1257 1666 1469 1216 1798 1380 1424 1453 1007 1551 1986 1401 1749 1554 1272 1042 1786 1545 1849 1534 1098 1186 1285 1870 1541 1020 1608 1984 1213 1581 1414 1013 1331 1455 1319 1826 1903 1942 1653 1480 1232 1720 1923 1197 1240 BCNSPRNW ULIB Ver.6.0+V

เปลี่ยนเป็นภาษาไทย

Change to English
 แสดงรายละเอียดบรรณานุกรม
  กลับหน้าหลัก

Brief Record : Get Marc (ISO 2709) : E-mail record : QR code < ปิดหน้าต่าง
LEADER : 00000nam 2200000uu 4500
001    13399112633
003     ULIB
008    110829s2549||||th 000 0 tha d
020    9749770633
020    9789749770634
050  4 HV1593^bว849ต 2549
100 0  วีระศักดิ์ จันทร์ส่งแสง
245 10 เต้นรำในความมืด :^bหลากหลายนาฎกรรมชีวิตของผู้พิการทางสายตา/^cวีระศักดิ์ จันทร์ส่งแสง
250    พิมพ์ครั้งที่ 1
260    นนทบุรี :^bแผนงานสร้างเสริมสุขภาพคนพิการในสังคมไทย,^c2549
300    143 หน้า :^bภาพประกอบ ;^c19 ซม.
440  0 สารคดีชุดประสบการณ์ชีวิตคนพิการ ;^vลำดับที่ 1
650  4 คนตาบอด^vรวมเรื่อง
653    Open Your Eyes Project
945    ^p100^l0^i020697
995    ทศพร
999 ^a ทศพร
รายการนี้ยังไม่มีแท็ก
คุณยังไม่ได้ล็อกอิน คุณสามารถมีกิจกรรมร่วมกับเว็บไซต์ได้ แต่ต้องล็อกอินก่อน ::
  ล็อกอิน

รายการสื่อสารสนเทศ

ลำดับที่ ประเภท เลขเรียก/บาร์โค้ด สถานที่ สถานะ
- ไม่พบข้อมูล -

รายการใกล้เคียง
    ผู้แต่ง [วีระศักดิ์ จันทร์ส่งแสง]

BibComment


ยังไม่เคยถูกคอมเมนท์

คอมเมนท์ทรัพยากรรายการนี้
  คอมเมนท์: เต้นรำในความมืด ..


 Copyright 2026. Bcnsprnw @Library